Detalles MARC
| 000 -CABECERA |
| campo de control de longitud fija |
02305nam a2200229 a 4500 |
| 001 - NÚMERO DE CONTROL |
| campo de control |
000046738 |
| 005 - FECHA Y HORA DE LA ÚLTIMA TRANSACCIÓN |
| campo de control |
20201002053103.0 |
| 008 - DATOS DE LONGITUD FIJA--INFORMACIÓN GENERAL |
| campo de control de longitud fija |
180321s2014 dr 000 0 spa d |
| 020 ## - NÚMERO INTERNACIONAL ESTÁNDAR DEL LIBRO |
| Número Internacional Estándar del Libro |
9789945898033 |
| 040 ## - FUENTE DE LA CATALOGACIÓN |
| Centro catalogador/agencia de origen |
DO-SdBNP |
| Lengua de catalogación |
spa |
| Centro/agencia transcriptor |
BNPHU |
| 082 ## - NÚMERO DE LA CLASIFICACIÓN DECIMAL DEWEY |
| Número de clasificación |
xxx |
| Número de documento/Ítem |
xxxx |
| 100 1# - ENTRADA PRINCIPAL--NOMBRE DE PERSONA |
| Nombre de persona |
Blanco, Rosa |
| 9 (RLIN) |
74666 |
| 245 10 - MENCIÓN DE TÍTULO |
| Título |
Guía orientativa para la atención integral a la primera infancia en la República Dominicana : |
| Resto del título |
modalidades de atención y prácticas educativas / |
| Mención de responsabilidad, etc. |
Rosa Blanco, Ana Pizano, Margarita Heisen, Wara González. |
| 260 ## - PUBLICACIÓN, DISTRIBUCIÓN, ETC. |
| Lugar de publicación, distribución, etc. |
Santo Domingo, : |
| Nombre del editor, distribuidor, etc. |
Organización de Estados Iberoamericanos para la Educación, la Ciencia y la Cultura (OEI), |
| -- |
Instituto de atención integral a la primera infancia (INAIPI) |
| -- |
Plan nacional de protección y atención integral a la primera infancia |
| -- |
dirección general de programas especiales, |
| Fecha de publicación, distribución, etc. |
2014. |
| 300 ## - DESCRIPCIÓN FÍSICA |
| Extensión |
Modulos ; |
| Dimensiones |
30 cm. |
| 505 0# - NOTA DE CONTENIDO CON FORMATO |
| Información miscelánea |
Modulo I -- |
| -- |
Educar en y para los derechos humanos -- |
| Título |
Introducción -- |
| Información miscelánea |
Capítulo I -- |
| Título |
La convención sobre los derechos de la niñez -- |
| Información miscelánea |
Capítulo II -- |
| Título |
El derecho a la educación -- |
| Información miscelánea |
Capítulo III -- |
| Título |
La educación en derechos y el enfoque de derechos en educación -- |
| -- |
Bibliografía / |
| Información miscelánea |
Modulo II -- |
| -- |
Desarrollo y aprendizaje en los primeros años -- |
| Título |
Introducción -- |
| Información miscelánea |
Capítulo I -- |
| Título |
La atención y educación en la primera infancia -- |
| Información miscelánea |
Capítulo II -- |
| Título |
Características de los niños desde el nacimiento a los seis años de edad -- |
| Información miscelánea |
Capítulo III -- |
| Título |
El aprendizaje en la primera infancia -- |
| Información miscelánea |
Capítulo IV -- |
| Título |
Responsables de la atención y educación en la primera infancia y promoción de prácticas saludables -- |
| -- |
Bibliografía / |
| Información miscelánea |
Modulo III -- |
| -- |
Gestión de lasmodalidades de atención integral a la primera infancia -- |
| Título |
Introduccón -- |
| Información miscelánea |
Capítulo I -- |
| Título |
La calidad en la atención y educacíon en la primera infancia -- |
| Información miscelánea |
Capítulo II -- |
| Título |
Modalidades de atención a la primera infancia -- |
| Información miscelánea |
Capítulo III -- |
| Título |
Las transiciones en la atención y educación a la primera infancia -- |
| Información miscelánea |
Capítulo IV -- |
| Título |
Organización del ambiente de aprendizaje -- |
| Información miscelánea |
Capítulo V -- |
| Título |
La evaluación en la primera infancia -- |
| -- |
Bibliografía / |
| 504 ## - NOTA DE BIBLIOGRAFÍA, ETC. |
| Nota de bibliografía, etc. |
Incluye datos bibliografícos |
| 590 ## - NOTA LOCAL (RLIN) |
| Nota local |
Inventariado, 2018/ YL |
| 700 1# - PUNTO DE ACCESO ADICIONAL--NOMBRE DE PERSONA |
| Nombre de persona |
Pizano, Ana |
| 9 (RLIN) |
74667 |
| 700 1# - PUNTO DE ACCESO ADICIONAL--NOMBRE DE PERSONA |
| Nombre de persona |
Heisen, Margarita |
| 9 (RLIN) |
74668 |
| 700 1# - PUNTO DE ACCESO ADICIONAL--NOMBRE DE PERSONA |
| Nombre de persona |
González, Wara |
| 9 (RLIN) |
74669 |